00910nam a22002175i 4500001000700000003000900007005001700016008004100033040003000074100003400104245009300138260009800231300002700329490004800356650002600404752002400430830005600454852003700510999001900547952012600566156972ES-MaACL20250807065806.0000724s1898 fr |||| | fre d aCCPB | B bspa cCCPB | B1 aLampériére, Anna.912864013aLe role social de la femme b: devoirs, droits, éducation / cpar Anna Lampériére. aParis : bancienne librairie Germer Baillière et Cie. : bFélix Alcan, éditeur, c1898. a174, [2] p. ; c18 cm.1 aBibliothèque de philosophie contemporaine 7aMujeres2embne915251 aFrancia - dParís0 aBibliothèque de philosophie contemporaine9181027 aES-MaACLjF-11914 z-- Enc. hol. c156972d156972 001040708LIBXIXaATENEOMbATENEOMcSPP2d2008-01-17eSSCl0oF-11914p1164238r2023-02-23 00:00:00w2023-02-23yMONANT